000 00316nam a22001337a 4500
008 181101b xxu||||| |||| 00| 0 eng d
020 _a0815132638
041 _aeng
080 _a616.5
100 _a7
101 _aDER
245 _aDermatology In Ambulatory Emergency Medicine
_cFranklin.F
942 _2udc
_cBK
999 _c51377
_d51377